00447 2200169 4500001002100000005001500021008004100036035001900077041000700096082000800103090001200111100001900123245006800142260002900210300001900239650001900258INLIS00000000001436020241224114729241224||||||||| | ||| |||| || |  0010-1224014360 aid0 a411 a411 BAM0 aBambang Sugeng00aLet's Make Friends With English:for elemntary school grade five aJakartabErlangga.c2006 a125hlm;20x26cm 0abahasa inggris